[Event "14. Torneo Club Ajedrez Villaverde"]
[Site "Madrid ESP"]
[Date "2011.04.07"]
[Round "4.3"]
[White "Martin Duque, Jesus"]
[Black "Ramirez Garcia, Jorge Alberto"]
[Result "1-0"]
[WhiteElo "2113"]
[BlackElo "2264"]
[PlyCount "51"]
[EventDate "2011.04.04"]
[EventType "swiss"]
[EventRounds "8"]
[EventCountry "ESP"]
[Source "lmi"]
[SourceDate "2011.04.04"]

1. e4 e6 2. d4 d5 3. Nc3 Bb4 4. e5 c5 5. a3 Bxc3+ 6. bxc3 Ne7 7. Qg4 Nf5 8. Nf3
h5 9. Qh3 Qc7 10. dxc5 Qxc5 11. Bd2 Nc6 12. Bd3 d4 13. cxd4 Nfxd4 14. Nxd4 Qxd4
15. O-O Qxe5 16. Rae1 Qc5 17. Qg3 g6 18. h4 Bd7 19. Bg5 Ne7 20. Bf6 Rg8 21. Be4
Bc6 22. Qc7 Kf8 23. Rd1 Re8 24. Rd7 Qxa3 25. Bxc6 bxc6 26. Ra1 1-0

[Event "14. Torneo Club Ajedrez Villaverde"]
[Site "Madrid ESP"]
[Date "2011.04.07"]
[Round "4.4"]
[White "Pastor Alonso De Prado, Emilio"]
[Black "Martin Rodriguez, Emilio"]
[Result "0-1"]
[WhiteElo "2193"]
[BlackElo "2062"]
[PlyCount "130"]
[EventDate "2011.04.04"]
[EventType "swiss"]
[EventRounds "8"]
[EventCountry "ESP"]
[Source "lmi"]
[SourceDate "2011.04.04"]

1. e4 c6 2. d4 d5 3. e5 c5 4. dxc5 e6 5. Be3 Ne7 6. c3 Nf5 7. Bd4 Nxd4 8. cxd4
b6 9. cxb6 Qxb6 10. Qd2 Nc6 11. Nf3 Rb8 12. a3 Qxb2 13. Qxb2 Rxb2 14. Bd3 Bd7
15. O-O Be7 16. Nbd2 O-O 17. Rfb1 Rfb8 18. a4 Rxb1+ 19. Rxb1 Rxb1+ 20. Nxb1 Nb4
21. Bb5 Bc8 22. Kf1 Bd8 23. Ke1 Bb6 24. Kd2 Ba5 25. Kc3 Kf8 26. Nbd2 Nc6+ 27.
Kc2 Bd7 28. Nb3 Bb6 29. Kc3 Ke7 30. Bxc6 Bxc6 31. a5 Bd8 32. Kb4 Kd7 33. Nc5+
Ke8 34. h4 Be7 35. a6 h6 36. g3 Kd8 37. Ne1 Kc7 38. Ka5 Bd8 39. Ned3 Kc8+ 40.
Kb4 Bb6 41. h5 Kd8 42. g4 Ke8 43. f4 Bd8 44. f5 exf5 45. gxf5 Bg5 46. Nb7 Bd7
47. Kc5 Be7+ 48. Nd6+ Bxd6+ 49. Kxd6 Bxf5 50. Nb4 Bg4 51. Nxd5 Bxh5 52. Kc7 Bf3
53. Nc3 h5 54. d5 h4 55. d6 Bg4 56. Ne4 h3 57. Nc5 h2 58. e6 fxe6 59. d7+ Kf7
60. d8=Q h1=Q 61. Kb8 Qc6 62. Qd4 Qb6+ 63. Kc8 e5+ 64. Qxg4 Qxc5+ 65. Kd7 Qd4+
0-1

[Event "14. Torneo Club Ajedrez Villaverde"]
[Site "Madrid ESP"]
[Date "2011.04.07"]
[Round "4.5"]
[White "Alonso Aranzabal, Inigo"]
[Black "Martin-Consuegra Barrilero, Francisco Javier"]
[Result "1-0"]
[WhiteElo "2052"]
[BlackElo "1884"]
[PlyCount "43"]
[EventDate "2011.04.04"]
[EventType "swiss"]
[EventRounds "8"]
[EventCountry "ESP"]
[Source "lmi"]
[SourceDate "2011.04.04"]

1. e4 d6 2. d4 Nf6 3. Nc3 e5 4. Nf3 Nbd7 5. Bc4 h6 6. O-O Be7 7. Re1 c6 8. a4
a5 9. h3 O-O 10. Be3 Qc7 11. Bb3 exd4 12. Nxd4 Nc5 13. Qf3 Nxb3 14. Nxb3 Be6
15. Nd4 d5 16. Bf4 Qd7 17. Rad1 Bb4 18. e5 Bxc3 19. exf6 Bxd4 20. Rxd4 g5 21.
Bxg5 hxg5 22. Qh5 1-0

[Event "14. Torneo Club Ajedrez Villaverde"]
[Site "Madrid ESP"]
[Date "2011.04.07"]
[Round "4.6"]
[White "Garcia Martin, Juan Manuel"]
[Black "Lopez Heras, Arturo"]
[Result "1/2-1/2"]
[WhiteElo "1872"]
[BlackElo "2002"]
[PlyCount "85"]
[EventDate "2011.04.04"]
[EventType "swiss"]
[EventRounds "8"]
[EventCountry "ESP"]
[Source "lmi"]
[SourceDate "2011.04.04"]

1. d4 Nf6 2. Bf4 c5 3. dxc5 Qa5+ 4. Qd2 Qxc5 5. Nc3 e5 6. Qe3 Qxe3 7. Bxe3 Bb4
8. Bd2 a6 9. Na4 Bxd2+ 10. Kxd2 Nc6 11. c3 b5 12. Nb6 Rb8 13. Nxc8 Rxc8 14. e3
O-O 15. Nf3 d5 16. a4 Na5 17. Ke1 Nb3 18. Ra3 bxa4 19. Bxa6 Ra8 20. Bb5 e4 21.
Ne5 Nc5 22. Nc6 Rfe8 23. Ke2 Kf8 24. Rd1 Rec8 25. Nb4 Ra5 26. Bc6 Nd3 27. Rd2
Ne5 28. Bxd5 Rd8 29. Ba2 Rxd2+ 30. Kxd2 Ra8 31. Ke2 Nfd7 32. Bd5 Ra5 33. Bxe4
Nc5 34. Nc6 Nc4 35. Nxa5 Nxa3 36. bxa3 Nxe4 37. f3 Nxc3+ 38. Kd3 Nb5 39. Nc4
Ke7 40. Nb2 Nxa3 41. Nxa4 Nb5 42. e4 Kd6 43. f4 1/2-1/2

[Event "14. Torneo Club Ajedrez Villaverde"]
[Site "Madrid ESP"]
[Date "2011.04.07"]
[Round "4.7"]
[White "Alcazar Mata, Jesus"]
[Black "Fuentes Arjona, Antonio"]
[Result "0-1"]
[WhiteElo "1704"]
[BlackElo "2011"]
[PlyCount "68"]
[EventDate "2011.04.04"]
[EventType "swiss"]
[EventRounds "8"]
[EventCountry "ESP"]
[Source "lmi"]
[SourceDate "2011.04.04"]

1. e4 c5 2. Nf3 Nc6 3. d4 cxd4 4. Nxd4 g6 5. Nc3 Bg7 6. Be3 Nf6 7. f3 O-O 8.
Qd2 d5 9. exd5 Nxd5 10. Nxd5 Qxd5 11. c4 Qe5 12. Nxc6 bxc6 13. Kf2 Rb8 14. Bg5
Qd4+ 15. Qxd4 Bxd4+ 16. Be3 Rxb2+ 17. Be2 Bxe3+ 18. Kxe3 Be6 19. a4 Rfb8 20.
Rhe1 R8b3+ 21. Kd4 Rd2+ 22. Kc5 Rd8 23. Rab1 Ra3 24. Ra1 Rc3 25. a5 Rc2 26.
Rac1 Rd5+ 27. Kxc6 Rxc1 28. Rxc1 Rxa5 29. Rb1 Ra2 30. Bf1 a5 31. c5 a4 32. Kb5
a3 33. Bc4 Rb2+ 34. Rxb2 axb2 0-1

[Event "14. Torneo Club Ajedrez Villaverde"]
[Site "Madrid ESP"]
[Date "2011.04.07"]
[Round "4.8"]
[White "Sierra Soria, Maria"]
[Black "Quintero Torres, Pedro"]
[Result "0-1"]
[WhiteElo "1784"]
[BlackElo "1979"]
[PlyCount "54"]
[EventDate "2011.04.04"]
[EventType "swiss"]
[EventRounds "8"]
[EventCountry "ESP"]
[Source "lmi"]
[SourceDate "2011.04.04"]

1. e4 c5 2. Nf3 e6 3. d4 cxd4 4. Nxd4 Nf6 5. Nc3 Nc6 6. Ndb5 Bb4 7. a3 Bxc3+ 8.
Nxc3 d5 9. exd5 exd5 10. Bd3 O-O 11. O-O d4 12. Ne2 Bg4 13. b4 Qb6 14. Bb2 Rad8
15. Qd2 Bxe2 16. Bxe2 Ne4 17. Qd3 Rfe8 18. Rfe1 Nc5 19. Qf5 Na4 20. Bc4 Qc7 21.
Rxe8+ Rxe8 22. Rb1 Nxb2 23. Rxb2 g6 24. Qd5 Re5 25. Qf3 Re1+ 26. Bf1 Ne5 27.
Qd5 Qc4 0-1

[Event "14. Torneo Club Ajedrez Villaverde"]
[Site "Madrid ESP"]
[Date "2011.04.07"]
[Round "4.9"]
[White "Martinez Miura, Enrique"]
[Black "Cruz Monzon, Jose"]
[Result "1/2-1/2"]
[WhiteElo "1717"]
[BlackElo "1974"]
[PlyCount "69"]
[EventDate "2011.04.04"]
[EventType "swiss"]
[EventRounds "8"]
[EventCountry "ESP"]
[Source "lmi"]
[SourceDate "2011.04.04"]

1. e4 c5 2. c4 Nc6 3. Nc3 e6 4. g3 g6 5. Bg2 Bg7 6. Nge2 Nge7 7. d3 O-O 8. O-O
d5 9. Rb1 dxc4 10. dxc4 Nd4 11. Nxd4 cxd4 12. Ne2 Nc6 13. Nf4 Bd7 14. Nd3 Rc8
15. f4 Qe7 16. Bd2 Rfd8 17. b4 a6 18. b5 axb5 19. cxb5 Na7 20. Bb4 Qe8 21. Ba5
Nxb5 22. Bxd8 Nc3 23. Qb3 Nxb1 24. Rxb1 Qxd8 25. Qxb7 Rc3 26. Bf1 h5 27. Qa7
Kh7 28. Rb8 Rc7 29. Qb6 Bc8 30. Nc5 Qe7 31. Nd3 Rb7 32. Rxb7 Qxb7 33. Qxb7 Bxb7
34. e5 Bf8 35. Kf2 1/2-1/2

[Event "14. Torneo Club Ajedrez Villaverde"]
[Site "Madrid ESP"]
[Date "2011.04.07"]
[Round "4.10"]
[White "Perez Cameselle, Francisco"]
[Black "Cerrato Gonzalez, Alvaro"]
[Result "1-0"]
[WhiteElo "1907"]
[BlackElo "1659"]
[PlyCount "75"]
[EventDate "2011.04.04"]
[EventType "swiss"]
[EventRounds "8"]
[EventCountry "ESP"]
[Source "lmi"]
[SourceDate "2011.04.04"]

1. Nf3 Nf6 2. g3 d5 3. Bg2 c5 4. d3 Nc6 5. Nbd2 e5 6. e4 d4 7. Nc4 Qc7 8. a4
Bg4 9. h3 Be6 10. Qe2 Bxc4 11. dxc4 Nd7 12. O-O Nb6 13. b3 O-O-O 14. a5 Nd7 15.
a6 b6 16. Bd2 Nf6 17. Ne1 Bd6 18. Nd3 Rdg8 19. f4 Nd7 20. Bf3 g5 21. fxg5 f6
22. Bg4 Kb8 23. gxf6 h5 24. Bxd7 Qxd7 25. Kh2 Qf7 26. Rf5 Qg6 27. Qf3 Qf7 28.
Rf1 Kc7 29. Rg5 Rxg5 30. Bxg5 Nb8 31. Qf5 Nxa6 32. Nxe5 Qe8 33. f7 Qxe5 34.
Qxe5 Bxe5 35. f8=Q Rxf8 36. Rxf8 Nb4 37. Bf4 Bd6 38. Rf7+ 1-0

[Event "14. Torneo Club Ajedrez Villaverde"]
[Site "Madrid ESP"]
[Date "2011.04.07"]
[Round "4.11"]
[White "Benitez Cadenas, Luis Miguel"]
[Black "Galan Aguado, Fernando"]
[Result "1-0"]
[WhiteElo "1710"]
[BlackElo "1831"]
[PlyCount "47"]
[EventDate "2011.04.04"]
[EventType "swiss"]
[EventRounds "8"]
[EventCountry "ESP"]
[Source "lmi"]
[SourceDate "2011.04.04"]

1. d4 d5 2. c4 c6 3. Nc3 dxc4 4. a4 Nf6 5. e3 Bf5 6. Bxc4 e6 7. Nf3 Nbd7 8. O-O
Nb6 9. Be2 h6 10. Qb3 Qc7 11. Bd2 Bd6 12. Rfc1 Qe7 13. a5 Nbd5 14. a6 b6 15.
Qa4 b5 16. Qd1 Nb6 17. Ne5 Rc8 18. Nxc6 Qd7 19. Ne5 Qe7 20. Bxb5+ Nfd7 21. Na4
O-O 22. Nxb6 Rxc1 23. Rxc1 Nxe5 24. dxe5 1-0

[Event "14. Torneo Club Ajedrez Villaverde"]
[Site "Madrid ESP"]
[Date "2011.04.07"]
[Round "4.12"]
[White "Hernandez Mateo, Borja"]
[Black "Camarero Izquierdo, Juan C"]
[Result "0-1"]
[WhiteElo "1685"]
[BlackElo "1926"]
[PlyCount "58"]
[EventDate "2011.04.04"]
[EventType "swiss"]
[EventRounds "8"]
[EventCountry "ESP"]
[Source "lmi"]
[SourceDate "2011.04.04"]

1. e4 c5 2. Nf3 d6 3. d4 cxd4 4. Nxd4 Nf6 5. Nc3 g6 6. Be3 Bg7 7. f3 O-O 8. Qd2
Nc6 9. h4 h5 10. O-O-O a5 11. Nxc6 bxc6 12. e5 Nd5 13. Nxd5 cxd5 14. Qxd5 Be6
15. Qd2 Bxe5 16. Bd4 Bxd4 17. Qxd4 a4 18. Bc4 Bxc4 19. Qxc4 a3 20. b3 Rc8 21.
Qd3 Qa5 22. Rhe1 Rc3 23. Qd5 Qc7 24. Rd2 e6 25. Qg5 Rc8 26. Ree2 Rxb3 27. Rxe6
Rc3 28. Ree2 Qb6 29. Re3 Rxe3 0-1

[Event "14. Torneo Club Ajedrez Villaverde"]
[Site "Madrid ESP"]
[Date "2011.04.07"]
[Round "4.13"]
[White "Benito Mellado, Humberto"]
[Black "Garcia Martinez, Jose Luis"]
[Result "1/2-1/2"]
[WhiteElo "1619"]
[BlackElo "1832"]
[PlyCount "104"]
[EventDate "2011.04.04"]
[EventType "swiss"]
[EventRounds "8"]
[EventCountry "ESP"]
[Source "lmi"]
[SourceDate "2011.04.04"]

1. d4 e6 2. c4 d5 3. Nc3 Nf6 4. Bg5 dxc4 5. e4 Be7 6. e5 Nd5 7. Bxe7 Qxe7 8.
Qa4+ Bd7 9. Qxc4 Bc6 10. Nxd5 Bxd5 11. Qc3 Nc6 12. Nf3 Bxf3 13. gxf3 Qh4 14.
Bb5 O-O 15. Bxc6 bxc6 16. Rd1 Rab8 17. b3 Rfd8 18. Ke2 h6 19. Ke3 Qg5+ 20. f4
Qg2 21. Rdg1 Qd5 22. f3 a5 23. Rg2 Rb4 24. Rhg1 g6 25. Rd2 Rdb8 26. h4 h5 27.
Qc5 a4 28. Qxd5 cxd5 29. bxa4 Rxa4 30. Rc1 Rba8 31. Rcc2 Rc4 32. Rxc4 dxc4 33.
Rc2 Ra3+ 34. Ke4 Ra4 35. Ke3 Kg7 36. Ke4 c6 37. Ke3 f6 38. exf6+ Kxf6 39. Ke4
Ke7 40. Ke5 Ra5+ 41. Ke4 Kd6 42. Rxc4 Rxa2 43. Rc5 Re2+ 44. Kd3 Rg2 45. Rg5
Rxg5 46. fxg5 e5 47. Ke4 exd4 48. Kxd4 Ke6 49. Kc5 Kd7 50. f4 Ke7 51. Kxc6 Ke6
52. Kc7 Ke7 1/2-1/2

[Event "14. Torneo Club Ajedrez Villaverde"]
[Site "Madrid ESP"]
[Date "2011.04.07"]
[Round "4.14"]
[White "Rodriguez Bachiller, Luis"]
[Black "Urena Castellanos, Antonio"]
[Result "1-0"]
[WhiteElo "1794"]
[BlackElo "1637"]
[PlyCount "83"]
[EventDate "2011.04.04"]
[EventType "swiss"]
[EventRounds "8"]
[EventCountry "ESP"]
[Source "lmi"]
[SourceDate "2011.04.04"]

1. Nf3 d5 2. c4 d4 3. d3 Nf6 4. g3 c5 5. Bg2 Qa5+ 6. Bd2 Qb6 7. Qc1 a5 8. Na3
Bd7 9. Ne5 Nc6 10. Nxd7 Nxd7 11. Nb5 a4 12. b3 e6 13. O-O Be7 14. Qc2 O-O 15.
bxa4 Na5 16. Rfb1 e5 17. Nxd4 Qg6 18. Nb5 f5 19. Nc7 Ra7 20. Bxa5 Rxa5 21. Rxb7
Bd8 22. Ne6 Re8 23. Rxd7 Bf6 24. Bd5 Kh8 25. Rb1 f4 26. Rbb7 fxg3 27. hxg3 Ra6
28. Nxg7 Bxg7 29. Rxg7 Qxg7 30. Rxg7 Kxg7 31. Qb3 Re7 32. Qb5 Rea7 33. Qxc5
Rxa4 34. Qd6 Rxa2 35. Qxe5+ Kf8 36. Qf6+ Ke8 37. Qh8+ Ke7 38. Qxh7+ Kd6 39. Qe4
Re7 40. c5+ Kd7 41. Qxe7+ Kxe7 42. Bxa2 1-0

[Event "14. Torneo Club Ajedrez Villaverde"]
[Site "Madrid ESP"]
[Date "2011.04.07"]
[Round "4.16"]
[White "Al-Zarif, Bassam"]
[Black "Salgado Duarte, Pablo"]
[Result "1-0"]
[WhiteElo "1715"]
[BlackElo "1554"]
[PlyCount "109"]
[EventDate "2011.04.04"]
[EventType "swiss"]
[EventRounds "8"]
[EventCountry "ESP"]
[Source "lmi"]
[SourceDate "2011.04.04"]

1. b3 e5 2. Bb2 Nc6 3. e3 Nf6 4. Bb5 d6 5. Ne2 Bd7 6. f4 exf4 7. Nxf4 a6 8. Be2
Be7 9. Nc3 O-O 10. O-O Re8 11. Bf3 Rb8 12. a3 Ne5 13. Be2 Bc6 14. Na2 Nfd7 15.
Nb4 Bg5 16. Nxc6 Nxc6 17. Nh5 Bh6 18. Qe1 Rf8 19. Qg3 f6 20. Bc4+ Kh8 21. Qh3
Nce5 22. Be2 Qe7 23. Ng3 Rbe8 24. Nf5 Qe6 25. Qg3 Rg8 26. Rad1 Nf7 27. Bc4 d5
28. Nd4 Qe5 29. Qxe5 Nfxe5 30. Bxd5 Rgf8 31. Bxb7 Nc5 32. Bf3 Nxf3+ 33. Rxf3
Nd7 34. Nc6 Re6 35. Nb4 a5 36. Nd3 Rc6 37. Rc1 Re8 38. Kf1 Rd6 39. Ke2 Kg8 40.
c4 Rd8 41. Bc3 Nf8 42. Nf4 Bxf4 43. Rxf4 Ra8 44. d4 a4 45. b4 Re8 46. d5 Nd7
47. Rf5 c6 48. Bd4 cxd5 49. Rxd5 Rxd5 50. cxd5 Nf8 51. Kd3 Ng6 52. g3 Ra8 53.
e4 Ne7 54. Rc7 Kf7 55. Bc5 1-0

[Event "14. Torneo Club Ajedrez Villaverde"]
[Site "Madrid ESP"]
[Date "2011.04.07"]
[Round "4.17"]
[White "Veiga Rodriguez, Pablo"]
[Black "Sanchez Tapia, Luis G"]
[Result "0-1"]
[WhiteElo "1517"]
[BlackElo "1687"]
[PlyCount "80"]
[EventDate "2011.04.04"]
[EventType "swiss"]
[EventRounds "8"]
[EventCountry "ESP"]
[Source "lmi"]
[SourceDate "2011.04.04"]

1. e4 c6 2. Nf3 d5 3. exd5 cxd5 4. d4 Bg4 5. Be2 e6 6. O-O Bd6 7. Ne5 Bxe2 8.
Qxe2 a6 9. Nd2 Qc7 10. Ndf3 h6 11. b3 Nc6 12. Bb2 Nge7 13. Rfc1 b5 14. a4 b4
15. c4 Nxe5 16. dxe5 Bc5 17. cxd5 Nxd5 18. Rc4 Qa7 19. Rac1 Bb6 20. Bd4 O-O 21.
a5 Bxd4 22. Nxd4 Qb7 23. Nc6 Qb5 24. Qc2 Kh8 25. Rc5 Qb7 26. Qe4 Rac8 27. R1c4
Rc7 28. Nd8 Rxd8 29. Rxc7 Nxc7 30. Qc2 Nd5 31. Qd2 Qb5 32. h4 Qxa5 33. h5 Qa1+
34. Rc1 Qxe5 35. g4 Qd6 36. Rc4 Qb8 37. f4 Nb6 38. Qxb4 Nxc4 39. Qxb8 Rxb8 40.
bxc4 Rc8 0-1

[Event "14. Torneo Club Ajedrez Villaverde"]
[Site "Madrid ESP"]
[Date "2011.04.11"]
[Round "5.1"]
[White "Gemy, Jose Daniel"]
[Black "Longa Yauca, Javier"]
[Result "1-0"]
[WhiteElo "2288"]
[BlackElo "2345"]
[PlyCount "44"]
[EventDate "2011.04.04"]
[EventType "swiss"]
[EventRounds "8"]
[EventCountry "ESP"]
[Source "lmi"]
[SourceDate "2011.04.04"]

1. d4 Nf6 2. Nf3 d5 3. c4 c6 4. Nc3 g6 5. cxd5 cxd5 6. Bf4 Nc6 7. Rc1 Bg7 8. e3
O-O 9. h3 Ne4 10. Bd3 Bf5 11. O-O Qa5 12. a3 Rac8 13. Re1 Rfd8 14. Re2 e5 15.
dxe5 Nxc3 16. Rxc3 d4 17. exd4 Nxd4 18. Nxd4 Rxc3 19. bxc3 Qxc3 20. Nxf5 Rxd3
21. Rd2 Rxd2 22. Bxd2 Qxe5 1-0

[Event "14. Torneo Club Ajedrez Villaverde"]
[Site "Madrid ESP"]
[Date "2011.04.11"]
[Round "5.2"]
[White "Martin Rodriguez, Emilio"]
[Black "Martin Duque, Jesus"]
[Result "1-0"]
[WhiteElo "2062"]
[BlackElo "2113"]
[PlyCount "57"]
[EventDate "2011.04.04"]
[EventType "swiss"]
[EventRounds "8"]
[EventCountry "ESP"]
[Source "lmi"]
[SourceDate "2011.04.04"]

1. d4 Nf6 2. c4 c5 3. d5 b5 4. cxb5 a6 5. e3 axb5 6. Bxb5 Qa5+ 7. Nc3 g6 8.
Nge2 Bg7 9. O-O O-O 10. Bd2 d6 11. a4 Ba6 12. Ra3 e6 13. dxe6 fxe6 14. Nf4 Bc8
15. Qb3 d5 16. Ncxd5 Qxd2 17. Nb6 Nd5 18. Nxa8 Rxf4 19. exf4 Qa5 20. Bc4 Qxa8
21. Bxd5 exd5 22. Re1 Bd7 23. Qb6 Bf8 24. Qc7 Bc6 25. Re6 d4 26. f5 g5 27. Rg3
Bd7 28. Rxg5+ Kf7 29. Qe5 1-0

[Event "14. Torneo Club Ajedrez Villaverde"]
[Site "Madrid ESP"]
[Date "2011.04.11"]
[Round "5.3"]
[White "Ortega Ruiz, Jose Miguel"]
[Black "Alonso Aranzabal, Inigo"]
[Result "1-0"]
[WhiteElo "2266"]
[BlackElo "2052"]
[PlyCount "70"]
[EventDate "2011.04.04"]
[EventType "swiss"]
[EventRounds "8"]
[EventCountry "ESP"]
[Source "lmi"]
[SourceDate "2011.04.04"]

1. d4 Nf6 2. c4 g6 3. Nc3 Bg7 4. e4 d6 5. Nf3 O-O 6. Be2 e5 7. dxe5 dxe5 8.
Qxd8 Rxd8 9. Bg5 Re8 10. O-O-O c6 11. Nxe5 Nxe4 12. Nxe4 Bxe5 13. Nd6 Bxb2+ 14.
Kd2 Rf8 15. Be7 Na6 16. Bxf8 Kxf8 17. Nxc8 Rxc8 18. Rb1 Bd4 19. Rxb7 Nc5 20.
Rbb1 Bxf2 21. Bf3 Ne6 22. Rhf1 Rd8+ 23. Kc3 Bd4+ 24. Kb4 Rb8+ 25. Ka4 Nc5+ 26.
Ka3 Re8 27. Bxc6 Re6 28. Rb8+ Kg7 29. Rc8 Re3+ 30. Kb4 Re2 31. Bd5 Rxa2 32.
Rxc5 a5+ 33. Rxa5 Bc3+ 34. Kxc3 Rxa5 35. Rxf7+ Kh6 1-0

[Event "14. Torneo Club Ajedrez Villaverde"]
[Site "Madrid ESP"]
[Date "2011.04.11"]
[Round "5.5"]
[White "Ramirez Garcia, Jorge Alberto"]
[Black "Garcia Martin, Juan Manuel"]
[Result "0-1"]
[WhiteElo "2264"]
[BlackElo "1872"]
[PlyCount "134"]
[EventDate "2011.04.04"]
[EventType "swiss"]
[EventRounds "8"]
[EventCountry "ESP"]
[Source "lmi"]
[SourceDate "2011.04.04"]

1. d4 Nf6 2. c4 e5 3. dxe5 Ng4 4. e4 Bb4+ 5. Nd2 Nxe5 6. a3 Bxd2+ 7. Bxd2 d6 8.
f4 Ng6 9. Qc2 Nc6 10. O-O-O Bg4 11. Re1 O-O 12. f5 Nge5 13. h3 Qh4 14. Qc3 f6
15. g3 Qh5 16. Bg2 Bxf5 17. g4 Bxg4 18. hxg4 Qf7 19. b3 a6 20. g5 b5 21. cxb5
axb5 22. Kb2 b4 23. axb4 Nxb4 24. Bf1 Ra2+ 25. Kb1 c5 26. Nf3 Nxf3 27. Qxf3
Rxd2 28. Bc4 d5 29. exd5 Qg6+ 30. Qe4 Qxe4+ 31. Rxe4 fxg5 32. Kc1 Rc2+ 33. Kd1
Ra8 34. d6+ Kh8 35. Ba6 Rf2 36. d7 Nxa6 37. Re8+ Rf8 38. Rhe1 Nc7 39. R8e5 Ra1+
40. Kd2 Rxe1 41. Kxe1 Rd8 42. Rxc5 Rxd7 43. Rxg5 Rd5 44. Rg4 h5 45. Rc4 Nb5 46.
Kf2 Kh7 47. Rc6 Nd4 48. Rb6 Rb5 49. Rd6 Nxb3 50. Kg3 Rb4 51. Ra6 g6 52. Kh3 Nd4
53. Kh4 Kh6 54. Rf6 Nf5+ 55. Kh3 Rb3+ 56. Kh2 Kg5 57. Ra6 h4 58. Rc6 Kh5 59.
Rc5 Rd3 60. Ra5 Kg4 61. Ra4+ Rd4 62. Ra3 Rd2+ 63. Kg1 g5 64. Rb3 Nd4 65. Ra3 h3
66. Kh1 Nf3 67. Ra4+ Kh5 0-1

[Event "14. Torneo Club Ajedrez Villaverde"]
[Site "Madrid ESP"]
[Date "2011.04.11"]
[Round "5.6"]
[White "Lopez Heras, Arturo"]
[Black "Rodriguez De Castro, Ayar"]
[Result "0-1"]
[WhiteElo "2002"]
[BlackElo "2105"]
[PlyCount "52"]
[EventDate "2011.04.04"]
[EventType "swiss"]
[EventRounds "8"]
[EventCountry "ESP"]
[Source "lmi"]
[SourceDate "2011.04.04"]

1. e4 e6 2. d4 d5 3. e5 c5 4. c3 Ne7 5. Nf3 Nec6 6. Be2 b6 7. O-O Be7 8. a4 Ba6
9. Na3 Bxe2 10. Qxe2 O-O 11. Be3 Nd7 12. Rfd1 Na5 13. c4 cxd4 14. Bxd4 Bxa3 15.
Rxa3 Nxc4 16. Rad3 Nc5 17. Bxc5 bxc5 18. Rc3 Qe7 19. b3 Nb6 20. Rdc1 Rfc8 21.
Qb5 Nd7 22. Nd4 Nxe5 23. Rxc5 Rxc5 24. Rxc5 Qh4 25. Qb7 Rf8 26. Nc2 Ng4 0-1

[Event "14. Torneo Club Ajedrez Villaverde"]
[Site "Madrid ESP"]
[Date "2011.04.11"]
[Round "5.7"]
[White "Quintero Torres, Pedro"]
[Black "Vazquez Gonzalez, Jesus"]
[Result "1/2-1/2"]
[WhiteElo "1979"]
[BlackElo "2091"]
[PlyCount "74"]
[EventDate "2011.04.04"]
[EventType "swiss"]
[EventRounds "8"]
[EventCountry "ESP"]
[Source "lmi"]
[SourceDate "2011.04.04"]

1. e4 c5 2. Nf3 g6 3. c3 Bg7 4. d4 cxd4 5. cxd4 Nc6 6. Nc3 d6 7. d5 Ne5 8. Nxe5
Bxe5 9. Bb5+ Bd7 10. Bxd7+ Qxd7 11. Be3 Nf6 12. Bd4 Bxd4 13. Qxd4 O-O 14. O-O
Rfc8 15. Rac1 b5 16. Ne2 a6 17. f3 Qb7 18. Qe3 Nd7 19. h3 b4 20. Rxc8+ Rxc8 21.
Rc1 Rxc1+ 22. Nxc1 Nc5 23. Nb3 Nxb3 24. Qxb3 Qb6+ 25. Kh2 a5 26. Qa4 Kg7 27.
Qd7 Kf6 28. b3 Qd4 29. Qa4 Qc5 30. Qd7 h5 31. Qe8 Qe3 32. Qh8+ Kg5 33. Qf8 Qf4+
34. g3 Qd2+ 35. Kg1 Qc1+ 36. Kg2 Qb2+ 37. Kf1 Qc1+ 1/2-1/2

[Event "14. Torneo Club Ajedrez Villaverde"]
[Site "Madrid ESP"]
[Date "2011.04.11"]
[Round "5.8"]
[White "Perez Cameselle, Francisco"]
[Black "Lopez De Turiso, Jose Angel"]
[Result "0-1"]
[WhiteElo "1907"]
[BlackElo "2053"]
[PlyCount "136"]
[EventDate "2011.04.04"]
[EventType "swiss"]
[EventRounds "8"]
[EventCountry "ESP"]
[Source "lmi"]
[SourceDate "2011.04.04"]

1. Nf3 f5 2. g3 Nf6 3. Bg2 d6 4. d3 e5 5. c4 Be7 6. O-O O-O 7. Nc3 Qe8 8. e4 f4
9. d4 exd4 10. Nxd4 fxg3 11. fxg3 Nc6 12. Nd5 Bd8 13. Nxc6 bxc6 14. Nxf6+ Bxf6
15. Rb1 Be6 16. b3 Be5 17. Rxf8+ Qxf8 18. Bb2 Qf6 19. Qd2 Bf7 20. Rf1 Qe7 21.
Bxe5 Qxe5 22. Qf4 Qxf4 23. gxf4 c5 24. e5 Rd8 25. Rd1 Kf8 26. Kf2 Bg6 27. Rd2
Ke7 28. exd6+ cxd6 29. Re2+ Kf6 30. Be4 Bh5 31. Bf3 Be8 32. Bd5 Bd7 33. Kg3 a5
34. Kf3 Rb8 35. Kf2 Rb4 36. Kg3 a4 37. bxa4 Rxa4 38. Kf2 Bg4 39. Rb2 Kf5 40.
Rb7 Rxa2+ 41. Kg3 Ra3+ 42. Kf2 Kxf4 43. Rf7+ Bf5 44. Rxg7 Ra2+ 45. Kg1 Rc2 46.
Rg3 Bg4 47. Ra3 Be2 48. Ra6 Ke5 49. Ra4 Rb2 50. Ra7 Bd3 51. Ra6 Rb4 52. Ra7
Bxc4 53. Bxc4 Rxc4 54. Rxh7 Rc2 55. h4 c4 56. h5 Rd2 57. h6 Rd4 58. Kf2 Rh4 59.
Rc7 d5 60. h7 Kd4 61. Ke2 Rh2+ 62. Kd1 Kd3 63. Kc1 c3 64. Kb1 d4 65. Rd7 Rh1+
66. Ka2 c2 67. Rc7 Kd2 68. Kb2 d3 0-1

[Event "14. Torneo Club Ajedrez Villaverde"]
[Site "Madrid ESP"]
[Date "2011.04.11"]
[Round "5.9"]
[White "Fuentes Arjona, Antonio"]
[Black "Benitez Cadenas, Luis Miguel"]
[Result "1/2-1/2"]
[WhiteElo "2011"]
[BlackElo "1710"]
[PlyCount "98"]
[EventDate "2011.04.04"]
[EventType "swiss"]
[EventRounds "8"]
[EventCountry "ESP"]
[Source "lmi"]
[SourceDate "2011.04.04"]

1. e4 e6 2. Qe2 c5 3. Nf3 Nc6 4. g3 g6 5. Bg2 Bg7 6. c3 Nge7 7. O-O O-O 8. d3
Qc7 9. Na3 a6 10. Be3 b6 11. d4 cxd4 12. Nxd4 Bb7 13. Nc4 Nxd4 14. Bxd4 Bxd4
15. cxd4 d5 16. exd5 Bxd5 17. Bxd5 Nxd5 18. Rac1 Rac8 19. Qd2 Kg7 20. Ne5 Qd6
21. a3 Rfd8 22. Rxc8 Rxc8 23. Qh6+ Kg8 24. h4 Ne7 25. Qf4 Nf5 26. Rd1 f6 27.
Nf3 Qxf4 28. gxf4 Rc2 29. d5 exd5 30. Rxd5 Rxb2 31. h5 Rb3 32. hxg6 hxg6 33.
Nd2 Rxa3 34. Rd7 Ra4 35. Rb7 b5 36. f3 Ra1+ 37. Kf2 Ra2 38. Ke1 Nd4 39. Rd7
Nc2+ 40. Ke2 f5 41. Kd3 b4 42. Kc4 a5 43. Kb3 Ra3+ 44. Kxc2 Rc3+ 45. Kb2 a4 46.
Rb7 a3+ 47. Ka1 Rc1+ 48. Nb1 Rc4 49. Nd2 Rc1+ 1/2-1/2

[Event "14. Torneo Club Ajedrez Villaverde"]
[Site "Madrid ESP"]
[Date "2011.04.11"]
[Round "5.10"]
[White "Cruz Monzon, Jose"]
[Black "Al-Zarif, Bassam"]
[Result "1-0"]
[WhiteElo "1974"]
[BlackElo "1715"]
[PlyCount "101"]
[EventDate "2011.04.04"]
[EventType "swiss"]
[EventRounds "8"]
[EventCountry "ESP"]
[Source "lmi"]
[SourceDate "2011.04.04"]

1. d4 d5 2. c4 dxc4 3. e3 Nf6 4. Bxc4 e6 5. Nf3 c5 6. O-O a6 7. a4 Nc6 8. Nc3
Be7 9. dxc5 O-O 10. Qe2 Bxc5 11. Rd1 Qc7 12. Bd2 b6 13. Rac1 Bb7 14. Bd3 Ne5
15. b4 Bxf3 16. gxf3 Nxd3 17. Qxd3 Rfd8 18. Qc4 Bd6 19. Qxc7 Bxc7 20. Ne2 Be5
21. Bc3 Rxd1+ 22. Rxd1 Bxc3 23. Nxc3 Rc8 24. Rd6 Rb8 25. a5 bxa5 26. bxa5 Ra8
27. Na4 Kf8 28. Nc5 Ke7 29. Rxa6 Rxa6 30. Nxa6 Kd6 31. Nb4 Kc5 32. Nd3+ Kd6 33.
a6 Nd7 34. a7 Nb6 35. Kg2 f6 36. h4 Kc7 37. Nf4 e5 38. Nh5 Kb7 39. Nxg7 Nd7 40.
Ne6 Kxa7 41. f4 Kb6 42. fxe5 Nxe5 43. Nf8 h6 44. f4 Nf7 45. Nd7+ Kc6 46. Nxf6
Kd6 47. Kf3 Ke6 48. Ng4 h5 49. Nf2 Nd6 50. Ne4 Nc4 51. Ng3 1-0